Một số phương pháp vật lý nghiên cứu cấu trúc phân tử

Lý thuyết chung về phương pháp phổ phân tử. Phương pháp phổ dao động và phổ quay. Phương pháp phổ điện tử. Phương pháp phổ tán xạ tổ hợp. Phương pháp phổ cộng hưởng từ. Một số phương pháp vật lý khác

שמור ב:
מידע ביבליוגרפי
מחבר ראשי: Trương Thị Hồng Vân
מחברים אחרים: Trần Thị Hồng (Hướng dẫn)
פורמט: ספר
שפה:Vietnamese
יצא לאור: Đà Nẵng Đại học Sư phạm, Đại học Đà Nẵng 2013
נושאים:
תגים: הוספת תג
אין תגיות, היה/י הראשונ/ה לתייג את הרשומה!
Thư viện lưu trữ: Mạng thư viện Đại học Đà Nẵng
LEADER 01719nam a2200361 4500
001 000019136
003 15571
005 20140321100316.0
008 140319s2013 viesd
041 |a vie 
072 |a VL 
082 1 4 |a 539.12  |b TR-V 
100 1 |a Trương Thị Hồng Vân 
245 1 0 |a Một số phương pháp vật lý nghiên cứu cấu trúc phân tử  |c Trương Thị Hồng Vân ; Trần Thị Hồng hướng dẫn  |k Khóa luận tốt nghiệp 
260 |a Đà Nẵng  |b Đại học Sư phạm, Đại học Đà Nẵng  |c 2013 
300 |a 89 tr.  |b Hình mh.  |c 29 cm. 
500 |a Khóa luận tốt nghiệp đại học. Chuyên ngành: Sư phạm Vật lý 
520 |a Lý thuyết chung về phương pháp phổ phân tử. Phương pháp phổ dao động và phổ quay. Phương pháp phổ điện tử. Phương pháp phổ tán xạ tổ hợp. Phương pháp phổ cộng hưởng từ. Một số phương pháp vật lý khác 
650 0 4 |a Cấu trúc phân tử  |v Khóa luận tốt nghiệp  |x Nghiên cứu  |x Phương pháp vật lý 
653 |a Cấu trúc phân tử 
653 |a Phương pháp vật lý 
653 |a Khoa Vật Lý 
700 1 |a Trần Thị Hồng  |e Hướng dẫn 
OWN |a LSP 
AVA |a UDN50  |b LSP  |d 539.12 TR-V  |e available  |t Error 5001 Not defined in file expand_doc_bib_avail.  |f 1  |g 0  |h N  |i 0  |k 1 
999 |a From the UDN01 
AVA |a UDN50  |b LSP  |d 539.12 TR-V  |e available  |t Error 5001 Not defined in file expand_doc_bib_avail.  |f 1  |g 0  |h N  |i 0  |k 1 
TYP |a Monograph 
TYP |a Printed language 
980 |a Mạng thư viện Đại học Đà Nẵng